000
00319nam a22001337a 4500
003
SGT
020
_a
9781032644943
082
_a
616.07
_b
HUB
100
_a
HUBER LUDWIG
245
_a
VALIDATION AND QUALIFICATION IN ANALYTICAL LABORATORIES
260
_a
USA
_b
CRC PRESS PUB
_c
2025
300
_a
303
942
_2
ddc
_c
BK
999
_c
34501
_d
34501